书目信息 |
| 题名: |
新版英语常用习语手册
|
|
| 作者: | 狄克逊 著 ;蒋素华 译 | |
| 分册: | ||
| 出版信息: | 北京 外语教学与研究出版社 1998 |
|
| 页数: | 360页 | |
| 开本: | 19cm | |
| 丛书名: | ||
| 单 册: | ||
| 中图分类: | H314.3 , H313.3 | |
| 科图分类: | ||
| 主题词: | 英语 , 短语 , 英语--短语--手册 | |
| 电子资源: | ||
| ISBN: | 7-5600-1404-6 | |
| 000 | 00907nam0 2200289 450 | |
| 000 | 00879nam0 2200277 450 | |
| 000 | 00810nam0 2200253 450 | |
| 000 | 00774nam0 2200241 45 | |
| 005 | 20070803082543.08 | |
| 010 | @a7-5600-1404-6@dCNY12.90 | |
| 100 | @a20070729d19998 em y0chiy0120 ea | |
| 101 | 1 | @achi@ceng |
| 102 | @aCN@b110000 | |
| 105 | @ay z 000yy | |
| 200 | 1 | @a新版英语常用习语手册@AXin Ban Ying Yu Chang Yong Xi Yu Shou Ce@f罗伯特·J.狄克逊著@FLuo Bo Te· J. Di Ke Xun Zhu@g蒋素华译 |
| 210 | @a北京@c外语教学与研究出版社@d1998 | |
| 215 | @a360页@d19cm | |
| 510 | 1 | @aNew edition essential idioms in English@zeng |
| 606 | 0 | @a英语 |
| 606 | 0 | @a短语 |
| 606 | 0 | @a英语@x短语@x手册 |
| 690 | @aH314.3@v4 | |
| 690 | @aH313.3@v3 | |
| 701 | 1 | @a狄克逊@ADi Ke Xun@b罗伯特@bJ.@4著 |
| 702 | 0 | @a蒋素华@AJiang Su Hua@4译 |
| 801 | 0 | @aCN@bTAOJIN@c20070803 |
| 905 | @a10447@dH313.3@e684 | |
| 新版英语常用习语手册/罗伯特·J.狄克逊著/蒋素华译.-北京:外语教学与研究出版社,1998 |
| 360页;19cm |
| ISBN 7-5600-1404-6:CNY12.90 |
| ● |
| 相关链接 |
|
|
|
|
正题名:新版英语常用习语手册
索取号:H313.3/684
 
预约/预借
| 序号 | 登录号 | 条形码 | 馆藏地/架位号 | 状态 | 备注 |
| 1 | 0827103 | 208271038 | 第二样本阅览室/ [索取号:H313.3/684] | 在馆 | |
| 2 | 0827104 | 208271047 | 第四借阅区/ [索取号:H313.3/684] | 在馆 | |
| 3 | 0827105 | 208271056 | 第四借阅区/ [索取号:H313.3/684] | 在馆 | |
| 4 | 0827106 | 208271065 | 第四借阅区/ [索取号:H313.3/684] | 在馆 | |
| 5 | 0827107 | 208271074 | 第四借阅区/ [索取号:H313.3/684] | 在馆 |